书目信息 |
| 题名: |
钱的千年兴衰史
|
|
| 作者: | 金菁 著 | |
| 分册: | ||
| 出版信息: | 北京 中国人民大学出版社 2020 |
|
| 页数: | 377页 | |
| 开本: | 21cm | |
| 丛书名: | ||
| 单 册: | ||
| 中图分类: | F821.9 | |
| 科图分类: | ||
| 主题词: | 货币史--世界 | |
| 电子资源: | ||
| ISBN: | 978-7-300-27879-7 | |
| 000 | 00936nam0 2200217 450 | |
| 001 | 2072778626 | |
| 005 | 20201201201320.75 | |
| 010 | @a978-7-300-27879-7@b精装@dCNY79.00 | |
| 100 | @a20200228d2020 em y0chiy0110 ea | |
| 101 | 0 | @achi |
| 102 | @aCN@b110000 | |
| 105 | @ay z 000yy | |
| 200 | 1 | @a钱的千年兴衰史@9qian de qian nian xing shuai shi@f金菁著 |
| 210 | @a北京@c中国人民大学出版社@d2020 | |
| 215 | @a377页@d21cm | |
| 330 | @a本书开篇就向大家提出问题:人们从古至今一直追求确定性,但经济和金融充满了风险和不确定性,应该如何保卫财富?作者从“钱”的历史讲起,层层深入,用生活中或者文学电影作品中的案例,将储蓄和投资、信贷扩张、金融衍生品等给读者做了清晰的介绍,每一章既有故事案例,又有理论分析。最后,作者对“钱”的未来做出了预测,回答了我们应该如何让财富保值增值。 | |
| 606 | 0 | @a货币史@y世界 |
| 690 | @aF821.9@v5 | |
| 701 | 0 | @a金菁@9jin jing@4著 |
| 801 | 2 | @aCN@bhttp://www.sjzwtrj.cn@c2020-02-28 |
| 905 | @aZUCC@dF821.9@e2 | |
| 钱的千年兴衰史/金菁著.-北京:中国人民大学出版社,2020 |
| 377页;21cm |
| ISBN 978-7-300-27879-7(精装):CNY79.00 |
| 本书开篇就向大家提出问题:人们从古至今一直追求确定性,但经济和金融充满了风险和不确定性,应该如何保卫财富?作者从“钱”的历史讲起,层层深入,用生活中或者文学电影作品中的案例,将储蓄和投资、信贷扩张、金融衍生品等给读者做了清晰的介绍,每一章既有故事案例,又有理论分析。最后,作者对“钱”的未来做出了预测,回答了我们应该如何让财富保值增值。 |
| ● |
| 相关链接 |
|
|
|
正题名:钱的千年兴衰史
索取号:F821.9/2
 
预约/预借
| 序号 | 登录号 | 条形码 | 馆藏地/架位号 | 状态 | 备注 |
| 1 | 2000874410 | 2000874410 | 第二书库/ [索取号:F821.9/2] | 在馆 | |
| 2 | 2000874411 | 2000874411 | 第二书库/ [索取号:F821.9/2] | 在馆 | |
| 3 | 2000874412 | 2000874412 | 第二书库/ [索取号:F821.9/2] | 在馆 |